| 000 | 02013nam0a2200385 4500 | ||
|---|---|---|---|
| 001 | RU\NLR\BIBL_A\022338947 | ||
| 005 | 20260408224741.0 | ||
| 010 |
_a978-5-97060-955-2 _9200 |
||
| 035 | _a(NLR Aleph) 022338947 | ||
| 090 |
_a13538203 _c13538203 |
||
| 100 | _a20241002d2022 k y0rusy50 ca | ||
| 101 | 0 |
_arus _ceng _deng |
|
| 102 | _aRU | ||
| 105 | _aa z 001yy | ||
| 181 | 0 |
_ai _baxxe |
|
| 182 | 0 | _an | |
| 200 | 1 |
_aПроектирование гибких программ _eкак не загнать себя в угол _fКрис Хансон, Джеральд Джей Сассман _gпер. с англ. Ю. Бронникова |
|
| 203 |
_aТекст _bвизуальный _cнепосредственный |
||
| 210 |
_aМосква _cДМК Пресс _d2022 |
||
| 215 |
_a372 с. _cил. _d24 |
||
| 300 | _aПер. изд.: Software Design for Flexibility: How to Avoid Programming Yourself into a Corner / Chris Hanson and Gerald Jay Sussman.- London: The MIT Press, 2021 | ||
| 300 | _aНа 4-й с. обл. авт.: Крис Хансон - инженер, Джеральд Джей Сассман - проф. | ||
| 300 | _aРез. англ. | ||
| 320 | _aБиблиогр.: с. 347-355 (132 назв.) | ||
| 320 | _aПредмет. указ.: с. 357-372 | ||
| 454 | 0 |
_12001#$aSoftware Design for Flexibility$eHow to Avoid Programming Yourself into a Corner$fChris Hanson and Gerald Jay Sussman _1210##$aLondon$cThe MIT Press$d2021 _1700#1$aHanson$bC.$gChris _1701#1$aSussman$bG. J.$gGerald Jay _tSoftware Design for Flexibility _aHanson, Chris |
|
| 606 | 1 |
_aSCHEME, язык програмирования _92216911 _3RU\NLR\AUTH\661331421 |
|
| 606 |
_aПрограммы (компьют.) _xГибкость _3RU\NLR\AUTH\6601759121 _92674717 |
||
| 686 | 1 | _aЗ973.2-018 | |
| 700 | 1 |
_aХансон _bК. _gКрис |
|
| 701 | 1 |
_aСассман _bДж. Дж. _f1947- _gДжеральд Джей |
|
| 942 | _cBOOK | ||
| 980 | _aNB | ||